| 000 | 00753nam a2200253Ia 4500 | ||
|---|---|---|---|
| 003 | OSt | ||
| 005 | 20220918175511.0 | ||
| 006 | a|||||r|||| 00| 0 | ||
| 007 | ta | ||
| 008 | 220917b |||||||| |||| 00| 0 eng d | ||
| 024 | _a17,638 | ||
| 037 | _cTextual | ||
| 040 |
_aARTS _cARTS _beng |
||
| 041 |
_2eng _aeng |
||
| 082 | _aR110j98, K0 | ||
| 100 |
_aVan Wright George Henrik _954205 |
||
| 245 | 0 | _aTreatise on induction and probabitlity | |
| 260 |
_aPaterson _bLittle field _c1960 |
||
| 300 |
_a310p. _ccm. |
||
| 490 | _aInternational library of psychology philosophy and scientific method ed by C K Ogden | ||
| 650 | _aPHILOSOPHY | ||
| 942 |
_hR110j98, K0 _cTEXL _2CC |
||
| 999 |
_c157812 _d157812 |
||